Personnage disney - Statistiques

Statistiques générales
  • Ce quiz a été pris 729 fois
  • Le résultat moyen est 55 sur 122
Statistiques - réponses
Hint Réponse % Correct
Blanche neige et les sept nains Blanche Neige
98%
Mickey Mouse Mickey
93%
Blanche neige et les sept nains Grincheux
92%
Mickey Mouse Minnie
92%
La belle et le clochard Si
92%
Pinocchio Pinocchio
91%
Blanche neige et les sept nains Prof
91%
Blanche neige et les sept nains Simplet
91%
Peter pan Peter
90%
Blanche neige et les sept nains Atchoum
88%
Blanche neige et les sept nains Dormeur
87%
Dumbo Dumbo
87%
Bambi Bambi
85%
Cendrillon Cendrillon
84%
Blanche neige et les sept nains Timide
84%
Alice au pays des merveilles Alice
82%
Mickey Mouse Dingo
82%
Peter pan Wendy
82%
Marry Popins Marry
81%
Blanche neige et les sept nains Joyeux
80%
Bambi Pan pan
79%
Pinocchio Geppetto
78%
Robin des bois Robin
78%
La belle au bois dormant Aurore
77%
Bernard et Bianca Bernard
77%
Bernard et Bianca Bianca
77%
Les aristochats | Peter pan Marie
76%
Le livre de la jungle Mowgli
76%
Merlin l'enchenteur Merlin
75%
Mickey Mouse Daisy
74%
Peter pan Capitaine crochet
72%
Cendrillon Javotte
72%
Le livre de la jungle Baloo
71%
Blanche neige et les sept nains La reine
71%
Cendrillon Anastasie
70%
Bambi Fleur
69%
La belle et le clochard Clochard
68%
La belle et le clochard Lady
68%
Blanche neige et les sept nains | Cendrillon Le prince
67%
Merlin l'enchenteur Arthur
64%
Les aristochats Berlioz
64%
Les aristochats Duchesse
63%
La belle au bois dormant Maléfique
63%
Les aristochats Toulouse
63%
Peter pan Jean
62%
Les 101 dalmatiens Pongo
61%
Les 101 dalmatiens Cruella
60%
Blanche neige et les sept nains Le chasseur
60%
Les 101 dalmatiens Perdita
56%
Robin des bois Marianne
53%
Marry Popins MIcheal
53%
Peter pan Michel
53%
Peter pan La fée Clochette
52%
Mickey Mouse Pat
51%
Alice au pays des merveilles La reine de coeur
50%
Robin des bois Petit Jean
50%
Les aristochats Thomas
50%
Le livre dela jungle Bagheera
49%
La belle au bois dormant Philippe
49%
La belle au bois dormant Pimprenelle
48%
Le livre de la jungle Kaa
47%
Alice au pays des merveilles Le lapin blanc
46%
Le livre de la jungle Shere Khan
44%
La belle et le clochard Jack
42%
Pinocchio Jiminy Cricket
41%
Les aristochats Edgar
40%
La belle au bois dormant Flora
40%
Mickey Mouse Plutot
40%
Pinocchio Cleo
39%
La belle au bois dormant Pâquerette
39%
Dumbo Timothée
38%
Les 101 dalmatiens Roger
37%
Les 101 dalmatiens Anita
33%
Les 101 dalmatiens Lucky
29%
Bambi Féline
27%
La belle et le clochard Am
26%
Mickey Mouse Tic
26%
Merlin l'enchenteur Archimède
25%
Les 101 dalmatiens Patch
25%
Robin des bois Le prince Jean
24%
Mickey Mouse Tac
24%
Blanche neige et les sept nains Le miroir
23%
Les aristochats Roquefort
23%
Peter pan Mr mouche
20%
La belle et le clochard Cesar
18%
Marry Popins Jane
18%
Le livre de la jungle Louie
18%
Les 101 dalmatiens Rolly
14%
Mickey Mouse Donals
12%
La belle et le clochard Scamp
11%
Marry Popins Bert
10%
Bambi Maitre hibou
10%
Merlin l'enchenteur Kay
8%
Cendrillon La marraine fée
8%
Merlin l'enchenteur Mme mim
8%
Robin des bois Gertrude
7%
Bambi Le grand prince
7%
La belle et le clochard Peg
7%
Les 101 dalmatiens Penny
7%
Bambi Ronno
7%
Le livre de la jungle Shanti
7%
La belle et le clochard Boris
5%
Merlin l'enchenteur Hector
5%
La belle et le clochard Sarah
5%
La belle et le clochard Bull
4%
La belle et le clochard Dachsie
4%
La belle au bois dormant Diablo
4%
La belle et le clochard Pedro
4%
La belle et le clochard Toughy
4%
Bambi Genno
3%
Bambi Gurri
3%
Robin des bois Adam
2%
Les 101 dalmatiens Biscotte
2%
Bambi La lapine
2%
Dumbo Monsieur loyale
2%
Les 101 dalmatiens Pepper
2%
Marry Popins Winifred
2%
Marry Popins Goerge
1%
Bambi La moufette
1%
Alice au pays des merveilles Le chafouin
1%
Aucun quiz correspondant
Distribution des résultats
% des personnes avec chaque résultat
Percentile par nombre de réponses
Votre historique - résultats
Vous n’avez pas pris ce quiz